Lord of the Rings Quotes #1 - Statistics

General Stats
  • This quiz has been taken 118 times
    80 since last reset
  • The average score is 12 of 15
Answer Stats
Hint Answer % Correct
"You will take the Ring to Sauron and sell us all." Boromir
99%
"If Elves could fly over mountains, they might fetch the sun to save us, but I must have something to work on. I cannot burn snow." Gandalf
97%
"What a pity Bilbo did not stab the vile creature, when he had a chance!" Frodo
96%
"Rope! I knew I'd want it, if I hadn't got it!" Sam
94%
"Why should I welcome you, Gandalf Stormcrow? Tell me that." Theoden
94%
"I pass the test. I will diminish, and go into the West," Galadriel
91%
"I remember well the splendour of their banners, it recalled to me the glory of the Elder Days and the hosts of Beleriand, so many great princes and captains were assembled." Elrond
88%
"I do not wish to go to Moria" Legolas
88%
"If I was after the ring, I could have it - NOW!" Strider
88%
"So that is the King of Rohan! a fine old fellow. Very polite." Pippin
87%
"The Lord Saruman is within; but at the moment he is closeted with one Wormtongue, or doubtless he would be here to welcome such honourable guests." Merry
84%
"I will go forward free, or I will go back and seek my land, where I am known to be true of word." Gimli
82%
"Death! Ride, ride to ruin and the world's ending!" Eomer
73%
"You lie, and this sword your master himself gave into my keeping." Grima Wormtongue
49%
"Come back! Come back! To mordor we will take you!" Black riders
31%
No matching quizzes found
Score Distribution
Percent of People with Each Score
Percentile by Number Answered
Your Score History
You have not taken this quiz since the last reset